Sinn-und Wertorientierung in der Grundschule

Αποθηκεύτηκε σε:
Λεπτομέρειες βιβλιογραφικής εγγραφής
Άλλοι συγγραφείς: Frohne, Irene (Επιμελητής έκδοσης)
Μορφή: Βιβλίο
Γλώσσα:German
Δημοσίευση: Bad Heilbrunn/Obb. : Julius Klinkhardt, 1999
Θέματα:
Ετικέτες: Προσθήκη ετικέτας
Δεν υπάρχουν, Καταχωρήστε ετικέτα πρώτοι!

MARC

LEADER 00000nam a2200000 i 4500
001 1/64278
008 041029s1999 ger d
020 |a 3-7815-0984-2 
035 |l 10074978 
040 |a GR-MY-UA  |b gre  |e aacr 
041 0 |a ger 
082 0 |a 370.114  |2 (21) 
245 1 0 |a Sinn-und Wertorientierung in der Grundschule /  |c hrsg. von Irene Frohne 
260 |a Bad Heilbrunn/Obb. :   |b Julius Klinkhardt,   |c 1999 
300 |a 231 p.;  |c 21 cm 
650 0 0 |a Moral education. 
650 0 0 |a Education, Elementary  |z Germany. 
700 1 |a Frohne, Irene.  |4 edt 
852 |a INST  |b RHODES  |e 20041029  |h 370.114 SIN  |p 005400017974  |q 005400017974  |t BK  |y 0 
901 |a BIBL4-2004-3 
909 |a Ρ  |b 115142 
922 |a 4ΕΛΗ  |b 200410  |c ΕΠΕΑΕΚ2/ΠΤΔΕ  |d ΜΙΧΑΛΟΠΟΥΛΟΣ 
950 |a 095-2004-06-16 
970 |a ΧΟΡΟΖΙΔΟΥ  |b ΤΖΕΝΗ  |z 2004/12/07